The struggle of İbrahim : biography of an Australian Muslim (Record no. 36348)

MARC details
000 -LEADER
fixed length control field 00506nam a2200181Ia 4500
020 ## - INTERNATIONAL STANDARD BOOK NUMBER
ISBN 9781597842259
050 ## - CALL MARK
Classification number BP 80 .D45 Y83/
100 ## - STATEMENT OF RESPONSIBILITY--MAIN AUTHOR NAME
Personal name Yücel, Salih
245 #4 - TITLE STATEMENT
Title The struggle of İbrahim : biography of an Australian Muslim
260 ## - PUBLICATION, DISTRIBUTION, ETC. (IMPRINT)
Place of publication New Jersey
260 ## - PUBLICATION, DISTRIBUTION, ETC. (IMPRINT)
Name of publisher Tughra Books
260 ## - PUBLICATION, DISTRIBUTION, ETC. (IMPRINT)
Year of publication 2010
300 ## - PHYSICAL DESCRIPTION
Number of Pages 174 p
650 ## - SUBJECT ADDED ENTRY--TOPICAL TERM
Topical Term Dellal, İbrahim Hussein, 1932- -- Biography Muslims -- Australia
942 ## - ADDED ENTRY ELEMENTS (KOHA)
Koha item type Books
Holdings
Withdrawn status Lost status Source of classification or shelving scheme Damaged status Not for loan Permanent Location Current Location Date acquired Accession Number Price effective from Koha item type
    Library of Congress Classification     NILE UNIVERSITY OF NIGERIA - MAIN LIBRARY NILE UNIVERSITY OF NIGERIA - MAIN LIBRARY 04/23/2025 0001742 04/23/2025 Books